| 000 | 01214njm a2200277Ia 4500 | ||
|---|---|---|---|
| 001 | A9825 | ||
| 003 | IT-RoPAU | ||
| 005 | 20220918181133.0 | ||
| 008 | 131025s9999 xx 000 0 und d | ||
| 040 | _aIT-RoPAU | ||
| 040 | _cIT-RoPAU | ||
| 999 |
_c100779 _d100779 |
||
| 999 | _bn.d. | ||
| 100 |
_aNewton-Howard James _928462 |
||
| 100 |
_eAutore musica _928463 |
||
| 100 |
_gCodice autore musica SPICS: 23095 _928464 |
||
| 245 | _aPrince of Tides (The) | ||
| 250 | _a1a ed. | ||
| 260 | _aITALIA | ||
| 260 |
_bSONY MUSIC ENTERTAINMENT _c1992 [1a Ed.:1992 - Ed. Lingua Orig.: 1992] |
||
| 300 | _aCOMPACT DISC | ||
| 500 | _aColonna sonora del film omonimo. | ||
| 505 | _aTeddy Bears - The Street* To New York - For All We Know - The Bloodstain - The Reunion - The Fishmarket - End Credits - The New York Willies - Places That Belong To You - The Village Walk - Lila's Theme - Home Movies - Daddy's Home - The Hallway: Love Theme - They Love You Dad - So Cruel - Savannah Awakes - Love Montage - Tom Comes Home - The Outdoors - Tom's Breakdown | ||
| 650 |
_aCOLONNA SONORA [COMPACT DISC] _eCodice MATERIA SPICS: 9949 _928465 |
||
| 700 |
_aNewton-Howard James _gCodice interprete SPICS: 23095 _eInterprete _928466 |
||
| 942 |
_cCD _2ddc |
||